000 00639nam a22002057a 4500
999 _c34963
_d34963
003 OSt
005 20240508143529.0
008 240508b ||||| |||| 00| 0 eng d
020 _a978-0-358-38025-2
040 _cBCRI
082 _a 823
100 1 _932737
_aTolkien, J.R.R.
_d1892-1973
245 _aThe Return of the King :
_bbeing the Third Part of The Lord of the Rings
_cJ.R.R. Tolkien
260 _aEstados Unidos
_bClarion Books
_c2020
300 _aXII, 931-1439
_bil.
_c20 cm.
490 _aThe Lord of the Rings
546 _aContenido en idioma inglés
650 0 _911162
_aNovela inglesa
942 _2ddc
_cBK
_hprozim